[Event "Montcalm 6 2018-19"]
[Site "Quebec CAN"]
[Date "2019.03.21"]
[Round "1"]
[White "Auger, Bertrand"]
[Black "Dube, Daniel"]
[Result "1-0"]
[WhiteElo "1953"]
[BlackElo "1732"]
[PlyCount "99"]
[EventDate "2019.03.21"]
[EventType "swiss"]
[EventRounds "5"]
[EventCountry "CAN"]

1. Nf3 Nf6 2. g3 g6 3. b4 a5 4. b5 b6 5. Bg2 Bb7 6. c4 e5 7. Qc2 Bg7 8. O-O d6
9. Nc3 O-O 10. Rb1 Nbd7 11. d3 h6 12. Bb2 Re8 13. e4 Nc5 14. Nd5 Nxd5 15. cxd5
a4 16. d4 exd4 17. Nxd4 Qd7 18. f4 Ra5 19. Nc6 Rxb5 20. Bxg7 Rxb1 21. Qxb1 Kxg7
22. e5 Bxc6 23. dxc6 Qe7 24. exd6 Qxd6 25. f5 Re2 26. fxg6 fxg6 27. Rd1 Rd2 28.
Qa1+ Kh7 29. Rf1 Qe6 30. Qc3 Re2 31. Qd4 Qxa2 32. Bd5 Ne6 33. Rf7+ Kg8 34. Rf8+
Kxf8 35. Qf6+ Ke8 36. Bxa2 Ng5 37. Qxg6+ Ke7 38. Qg7+ Kd6 39. Qxh6+ Ne6 40.
Bxe6 Rxe6 41. Qc1 Re5 42. Qd1+ Kxc6 43. Qxa4+ b5 44. Qb4 Rc5 45. Qe4+ Kb6 46.
Qd4 Kc6 47. h4 Rc4 48. Qf6+ Kc5 49. h5 b4 50. h6 1-0

[Event "Montcalm 6 2018-19"]
[Site "Quebec CAN"]
[Date "2019.03.21"]
[Round "1"]
[White "Drolet, Stephane"]
[Black "Cummins, Paul"]
[Result "1-0"]
[WhiteElo "2058"]
[BlackElo "1755"]
[PlyCount "53"]
[EventDate "2019.03.21"]
[EventType "swiss"]
[EventRounds "5"]
[EventCountry "CAN"]

1. d4 d5 2. Nf3 Nf6 3. c4 e6 4. Bg5 Be7 5. e3 c6 6. Nc3 Nbd7 7. Bd3 Nh5 8. Bxe7
Qxe7 9. Qc2 dxc4 10. Bxc4 O-O 11. Bd3 g6 12. g4 Nhf6 13. h4 Nd5 14. Nxd5 exd5
15. h5 Nf6 16. hxg6 fxg6 17. g5 Ne4 18. Bxe4 dxe4 19. Ne5 Be6 20. f4 exf3 21.
Kf2 Rf5 22. Rag1 Bf7 23. Rh3 Be6 24. Rhg3 Raf8 25. Ng4 Kg7 26. Nh6 Rb5 27. d5
1-0

[Event "Montcalm 6 2018-19"]
[Site "Quebec CAN"]
[Date "2019.03.21"]
[Round "1"]
[White "Fleury, Dominic"]
[Black "Sarra-Bournet, Marc"]
[Result "0-1"]
[WhiteElo "1408"]
[BlackElo "1869"]
[PlyCount "74"]
[EventDate "2019.03.21"]
[EventType "swiss"]
[EventRounds "5"]
[EventCountry "CAN"]

1. e4 e5 2. Nf3 Nc6 3. Nc3 Nf6 4. d4 exd4 5. Nxd4 Bb4 6. Nxc6 bxc6 7. Bd3 O-O
8. O-O d6 9. Bd2 Qe7 10. Re1 Ng4 11. Ne2 Bc5 12. Rf1 Qh4 13. Bf4 Nxf2 14. Rxf2
Qxf2+ 15. Kh1 Bg4 16. Qf1 Qxf1+ 17. Rxf1 Rab8 18. b3 Rbe8 19. Ng3 Bd4 20. h3
Bd7 21. Nf5 Bxf5 22. exf5 Be5 23. g4 Bxf4 24. Rxf4 Re3 25. Kg2 Rfe8 26. h4 a5
27. g5 f6 28. g6 R8e5 29. h5 h6 30. Ra4 Kf8 31. b4 axb4 32. Rxb4 Ke7 33. a4
Rxd3 34. cxd3 Rxf5 35. Rb3 Rxh5 36. Ra3 Ra5 37. Kf3 f5 0-1

[Event "Montcalm 6 2018-19"]
[Site "Quebec CAN"]
[Date "2019.03.21"]
[Round "1"]
[White "Lapierre, Gaetan"]
[Black "Cournoyer, Dominic"]
[Result "1/2-1/2"]
[WhiteElo "1755"]
[BlackElo "1999"]
[PlyCount "116"]
[EventDate "2019.03.21"]
[EventType "swiss"]
[EventRounds "5"]
[EventCountry "CAN"]

1. e4 d5 2. exd5 Qxd5 3. Nf3 Nf6 4. Nc3 Qa5 5. Be2 Bf5 6. O-O c6 7. d4 Nbd7 8.
a3 e6 9. Bf4 Nd5 10. Nxd5 exd5 11. Re1 O-O-O 12. c4 dxc4 13. Bxc4 f6 14. b4 Qb6
15. d5 c5 16. Bd3 Bg4 17. Qc2 Bxf3 18. gxf3 Bd6 19. Re6 Ne5 20. Bxe5 fxe5 21.
bxc5 Qxc5 22. Rxd6 Qxc2 23. Rxd8+ Rxd8 24. Bxc2 Rxd5 25. Bxh7 b6 26. Rc1+ Kd7
27. Rc3 Ra5 28. Be4 Kd6 29. Kf1 b5 30. h4 Ra4 31. h5 a5 32. Rc6+ Kd7 33. Rb6
Rxa3 34. Rxb5 Ke6 35. Rb6+ Ke7 36. Kg2 a4 37. Ra6 Ra1 38. Rg6 Kf7 39. Bd5+ Kf8
40. Re6 a3 41. Rxe5 a2 42. Rf5+ Ke7 43. Bxa2 Rxa2 44. f4 Ke6 45. Rg5 Kf6 46.
Rb5 Ra6 47. Rg5 Ra3 48. Re5 Rb3 49. Rg5 Ra3 50. Rg6+ Kf7 51. f5 Ra5 52. h6 gxh6
53. Rxh6 Rxf5 54. Kg3 Ra5 55. f4 Rb5 56. Kg4 Ra5 57. Rb6 Rc5 58. Rb7+ Kf6
1/2-1/2

[Event "Montcalm 6 2018-19"]
[Site "Quebec CAN"]
[Date "2019.03.21"]
[Round "1"]
[White "Perreault, Jacquelin"]
[Black "Fecteau, Martin"]
[Result "1/2-1/2"]
[WhiteElo "1711"]
[BlackElo "1921"]
[PlyCount "72"]
[EventDate "2019.03.21"]
[EventType "swiss"]
[EventRounds "5"]
[EventCountry "CAN"]

1. e4 c5 2. Nf3 Nc6 3. d4 cxd4 4. Nxd4 Nf6 5. Nc3 d6 6. Bg5 e6 7. Qd2 a6 8.
O-O-O Qc7 9. Bxf6 gxf6 10. f4 Nxd4 11. Qxd4 Be7 12. Bd3 Bd7 13. Ne2 Qc5 14.
Qxc5 dxc5 15. c4 O-O-O 16. f5 Bd6 17. g3 Be5 18. Nf4 Rhg8 19. Rhf1 Rg5 20. Bc2
Bd4 21. Rf3 Re8 22. fxe6 fxe6 23. Ne2 Be5 24. Rxd7 Kxd7 25. Ba4+ Ke7 26. Bxe8
Kxe8 27. Rb3 Rg7 28. Rb6 Re7 29. Nf4 Bc7 30. Rb3 Kf7 31. Kc2 Be5 32. Rd3 Bd4
33. Rb3 Bg1 34. h3 Bd4 35. Rb6 Be5 36. Rb3 Bd4 1/2-1/2

[Event "Montcalm 6 2018-19"]
[Site "Quebec CAN"]
[Date "2019.03.21"]
[Round "1"]
[White "Sauve, Richard"]
[Black "Genest, Dominic"]
[Result "1/2-1/2"]
[WhiteElo "1899"]
[BlackElo "1673"]
[PlyCount "57"]
[EventDate "2019.03.21"]
[EventType "swiss"]
[EventRounds "5"]
[EventCountry "CAN"]

1. d4 d5 2. c4 e6 3. Nc3 Nf6 4. Bg5 Nbd7 5. e3 c6 6. Nf3 Qa5 7. Qc2 Bb4 8. Nd2
Ne4 9. Ndxe4 dxe4 10. Bh4 b6 11. Be2 Bb7 12. O-O Bxc3 13. bxc3 c5 14. Rfd1 O-O
15. d5 e5 16. Qxe4 Qxc3 17. Bg4 Bc8 18. Bf5 g6 19. Qg4 h5 20. Qg3 Kh7 21. Bxd7
Bxd7 22. Bf6 Qxc4 23. Qxe5 Rae8 24. Qc7 Ba4 25. Rd2 Qa6 26. d6 Rc8 27. Qe7 Rce8
28. Qc7 Rc8 29. Qe7 1/2-1/2

[Event "Montcalm 6 2018-19"]
[Site "Quebec CAN"]
[Date "2019.03.28"]
[Round "2"]
[White "Cournoyer, Dominic"]
[Black "Perreault, Jacquelin"]
[Result "1-0"]
[WhiteElo "1999"]
[BlackElo "1711"]
[PlyCount "99"]
[EventDate "2019.03.21"]
[EventType "swiss"]
[EventRounds "5"]
[EventCountry "CAN"]

1. c4 b6 2. Nf3 Bb7 3. g3 e6 4. Bg2 f5 5. O-O Nf6 6. Nc3 Be7 7. b3 O-O 8. Bb2
d6 9. d4 c5 10. dxc5 bxc5 11. Qc2 Nc6 12. Rfd1 Qc8 13. a3 e5 14. e3 e4 15. Ne1
Ne5 16. Nb5 Rd8 17. Bxe5 dxe5 18. Qb2 Qb8 19. Bh3 a6 20. Nc3 g6 21. Rxd8+ Bxd8
22. Rd1 Qc7 23. Bf1 Be7 24. b4 f4 25. exf4 exf4 26. b5 e3 27. Ng2 exf2+ 28.
Qxf2 fxg3 29. Qxg3 Qxg3 30. hxg3 Rd8 31. Rxd8+ Bxd8 32. Nf4 Ba5 33. Na4 axb5
34. cxb5 Ne4 35. Bg2 c4 36. Ne2 Nd6 37. Bxb7 Nxb7 38. Nac3 Kf7 39. Kf2 Nd6 40.
a4 h6 41. g4 h5 42. gxh5 gxh5 43. Nd5 Ne4+ 44. Ke3 Nc5 45. b6 Ke6 46. Kd4 Nb7
47. Kxc4 h4 48. Nef4+ Kd6 49. Kb5 Bd2 50. Ka6 1-0

[Event "Montcalm 6 2018-19"]
[Site "Quebec CAN"]
[Date "2019.03.28"]
[Round "2"]
[White "Fecteau, Martin"]
[Black "Dumont, Eric"]
[Result "1-0"]
[WhiteElo "1921"]
[BlackElo "1663"]
[PlyCount "107"]
[EventDate "2019.03.21"]
[EventType "swiss"]
[EventRounds "5"]
[EventCountry "CAN"]

1. d4 d5 2. c4 c6 3. Nf3 Nf6 4. e3 g6 5. Nc3 Bg7 6. Bd3 b6 7. O-O O-O 8. Re1
Na6 9. a3 c5 10. cxd5 Nxd5 11. Nxd5 Qxd5 12. e4 Qh5 13. d5 Bb7 14. Qe2 Nc7 15.
Bf4 Rac8 16. Rad1 Rfd8 17. Bc4 Qg4 18. Bg3 Qh5 19. h3 Ne8 20. e5 b5 21. Bxb5
Rxd5 22. Rxd5 Bxd5 23. Bd7 Rd8 24. Bg4 Qh6 25. Nh2 g5 26. Bf5 Qc6 27. Nf3 Bh6
28. Be4 e6 29. Bxd5 Qxd5 30. Nh2 Qd2 31. Ng4 Bg7 32. Ne3 Qxe2 33. Rxe2 Nc7 34.
Rc2 Na6 35. Kf1 f5 36. exf6 Bxf6 37. Ng4 Bd4 38. Nh2 Rf8 39. Nf3 Bf6 40. Nd2
Be7 41. Ne4 Rd8 42. Ke2 h6 43. f3 Kf7 44. Rd2 Rd5 45. Nc3 Rxd2+ 46. Kxd2 c4 47.
Ne4 Nc5 48. Nxc5 Bxc5 49. Kc3 Ke7 50. Kxc4 Be3 51. b4 Kd7 52. a4 Kc6 53. Be5
Kb7 54. g4 1-0

[Event "Montcalm 6 2018-19"]
[Site "Quebec CAN"]
[Date "2019.03.28"]
[Round "2"]
[White "Genest, Dominic"]
[Black "Lapierre, Gaetan"]
[Result "1-0"]
[WhiteElo "1673"]
[BlackElo "1755"]
[PlyCount "85"]
[EventDate "2019.03.21"]
[EventType "swiss"]
[EventRounds "5"]
[EventCountry "CAN"]

1. c4 e5 2. g3 Nf6 3. Bg2 Bc5 4. Nc3 O-O 5. e3 Nc6 6. Nge2 Re8 7. O-O e4 8. d3
exd3 9. Nf4 Ne5 10. b3 a6 11. Nxd3 Nxd3 12. Qxd3 Rb8 13. Bb2 Bf8 14. Ne4 Nxe4
15. Bxe4 h6 16. f4 d6 17. f5 Qe7 18. Rf4 f6 19. Kf2 Bd7 20. Bf3 Red8 21. Bd5+
Kh8 22. Rd1 c6 23. Bf3 b5 24. cxb5 axb5 25. Bh5 b4 26. Bg6 d5 27. Rd2 Ra8 28.
Bc1 Bc8 29. e4 Ba6 30. Qc2 Qc5+ 31. Kg2 Qxc2 32. Rxc2 Bd3 33. Rxc6 Rxa2+ 34.
Kh3 dxe4 35. Be3 Rb2 36. Bf7 Re2 37. Bc5 Bxc5 38. Rxc5 Re1 39. Kg2 Rb1 40. Kh3
Bf1+ 41. Kh4 e3 42. Re4 Rf8 43. Bg6 1-0

[Event "Montcalm 6 2018-19"]
[Site "Quebec CAN"]
[Date "2019.03.28"]
[Round "2"]
[White "Le-Huu, Pascal"]
[Black "Dube, Dominic"]
[Result "1-0"]
[WhiteElo "1233"]
[BlackElo "1743"]
[PlyCount "127"]
[EventDate "2019.03.21"]
[EventType "swiss"]
[EventRounds "5"]
[EventCountry "CAN"]

1. d4 c6 2. Bf4 d5 3. Nf3 Bf5 4. c3 Nd7 5. e3 h6 6. Bd3 Bxd3 7. Qxd3 Ngf6 8.
Nbd2 Qb6 9. b4 Nh5 10. Ne5 Nxf4 11. exf4 Nxe5 12. fxe5 e6 13. Qf3 Be7 14. Nb3
O-O 15. Nc5 Bxc5 16. bxc5 Qa6 17. Qe2 Qa3 18. Qd3 f6 19. exf6 Rxf6 20. O-O Raf8
21. Qc2 Rf5 22. Qb3 Qa6 23. Rab1 Qe2 24. Qb2 Rxf2 25. Qxe2 Rxe2 26. Rxf8+ Kxf8
27. Rxb7 Rxa2 28. h3 a5 29. Rc7 a4 30. Rxc6 Rc2 31. Ra6 Rxc3 32. Rxa4 Ke7 33.
Ra7+ Kf6 34. Ra6 Rc4 35. c6 Rxd4 36. c7 Rc4 37. Ra7 d4 38. Kf1 e5 39. g4 e4 40.
Ke1 g6 41. h4 Rc6 42. Ra6 Rxa6 43. c8=Q Ra1+ 44. Kd2 Ra2+ 45. Kc1 Ra1+ 46. Kb2
Rd1 47. Qc6+ Ke5 48. Qe8+ Kf4 49. Qxg6 Rd2+ 50. Kc1 e3 51. Qxh6+ Kxg4 52. Qg5+
Kf3 53. Qf5+ Kg2 54. h5 d3 55. h6 Rc2+ 56. Kb1 Rd2 57. h7 Rd1+ 58. Kb2 e2 59.
Qg4+ Kf2 60. Qf4+ Kg2 61. h8=Q Rb1+ 62. Ka2 e1=Q 63. Qg7+ Kh3 64. Qfg4+ 1-0

[Event "Montcalm 6 2018-19"]
[Site "Quebec CAN"]
[Date "2019.03.28"]
[Round "2"]
[White "Lescarbeau, Martin"]
[Black "Auger, Bertrand"]
[Result "1/2-1/2"]
[WhiteElo "1757"]
[BlackElo "1953"]
[PlyCount "78"]
[EventDate "2019.03.21"]
[EventType "swiss"]
[EventRounds "5"]
[EventCountry "CAN"]

1. e4 e6 2. d4 d5 3. Nc3 dxe4 4. Nxe4 Bd7 5. Nf3 Bc6 6. Bd3 Nd7 7. O-O Ngf6 8.
Re1 Nxe4 9. Bxe4 Bxe4 10. Rxe4 Nf6 11. Bg5 Be7 12. Bxf6 Bxf6 13. d5 O-O 14.
dxe6 fxe6 15. Qe2 Bxb2 16. Rd1 Qf6 17. Rxe6 Qf4 18. Re4 Qf6 19. Qc4+ Kh8 20.
Qb3 Rad8 21. Rxd8 Rxd8 22. Qe3 h6 23. g3 c5 24. Re8+ Rxe8 25. Qxe8+ Kh7 26.
Qe4+ Qg6 27. Qc4 Qc6 28. Qd3+ g6 29. c3 Qf6 30. Nh4 Bxc3 31. Nxg6 Qxg6 32. Qxc3
Qb1+ 33. Kg2 Qxa2 34. Qxc5 Qa6 35. Qe7+ Kg6 36. Qe8+ Kf6 37. Qf8+ Kg6 38. Qe8+
Kf6 39. Qf8+ Kg6 1/2-1/2

[Event "Montcalm 6 2018-19"]
[Site "Quebec CAN"]
[Date "2019.03.28"]
[Round "2"]
[White "Sarra-Bournet, Marc"]
[Black "Drolet, Stephane"]
[Result "0-1"]
[WhiteElo "1869"]
[BlackElo "2058"]
[PlyCount "48"]
[EventDate "2019.03.21"]
[EventType "swiss"]
[EventRounds "5"]
[EventCountry "CAN"]

1. e4 c5 2. Nc3 a6 3. f4 e6 4. Nf3 d5 5. d3 Nc6 6. Be2 g6 7. O-O Bg7 8. Qe1
Nge7 9. Qg3 b5 10. Ne5 Nd4 11. Bd1 Bb7 12. f5 exf5 13. Nxd5 Nxd5 14. exd5 Qxd5
15. Bf4 Ne6 16. Nf3 Bxb2 17. Rb1 Bg7 18. Rb3 Nxf4 19. Qxf4 O-O 20. c4 Qd7 21.
cxb5 axb5 22. Ne5 Qe7 23. Re1 Rfe8 24. Rxb5 Bxe5 0-1

[Event "Montcalm 6 2018-19"]
[Site "Quebec CAN"]
[Date "2019.04.04"]
[Round "3"]
[White "Auger, Bertrand"]
[Black "Le-Huu, Pascal"]
[Result "1-0"]
[WhiteElo "1953"]
[BlackElo "1233"]
[PlyCount "41"]
[EventDate "2019.03.21"]
[EventType "swiss"]
[EventRounds "5"]
[EventCountry "CAN"]

1. Nf3 d5 2. g3 Bf5 3. Bg2 Nf6 4. O-O e6 5. d3 Nc6 6. c4 Be7 7. b3 O-O 8. Bb2
d4 9. Na3 Bc5 10. Nc2 Qd6 11. b4 Nxb4 12. Nxb4 Bxb4 13. Nxd4 Bg6 14. Bxb7 Rab8
15. Nb5 Qb6 16. Bf3 a6 17. Nd4 Bc5 18. Nb3 Bf5 19. Qc1 Ng4 20. Bxg4 Bxg4 21.
Qg5 1-0

[Event "Montcalm 6 2018-19"]
[Site "Quebec CAN"]
[Date "2019.04.04"]
[Round "3"]
[White "Drolet, Stephane"]
[Black "Cournoyer, Dominic"]
[Result "0-1"]
[WhiteElo "2058"]
[BlackElo "1999"]
[PlyCount "46"]
[EventDate "2019.03.21"]
[EventType "swiss"]
[EventRounds "5"]
[EventCountry "CAN"]

1. d4 Nf6 2. Nf3 g6 3. Bg5 Bg7 4. e3 d5 5. c4 O-O 6. Nc3 c6 7. h3 Qb6 8. a3
Nbd7 9. c5 Qd8 10. Bf4 b6 11. b4 bxc5 12. bxc5 Nh5 13. Qd2 Nxf4 14. exf4 Qa5
15. Ne5 Nxe5 16. fxe5 f6 17. exf6 Bxf6 18. Qe3 Bg5 19. Qg3 Bf4 20. Qf3 Bd2+ 21.
Kxd2 Rxf3 22. gxf3 Rb8 23. Be2 e5 0-1

[Event "Montcalm 6 2018-19"]
[Site "Quebec CAN"]
[Date "2019.04.04"]
[Round "3"]
[White "Dumont, Eric"]
[Black "Lapierre, Gaetan"]
[Result "0-1"]
[WhiteElo "1663"]
[BlackElo "1755"]
[PlyCount "62"]
[EventDate "2019.03.21"]
[EventType "swiss"]
[EventRounds "5"]
[EventCountry "CAN"]

1. d4 Nf6 2. Bf4 e6 3. e3 Be7 4. h3 b6 5. Nf3 O-O 6. c4 d6 7. Nc3 Bb7 8. Be2
Nbd7 9. O-O Qb8 10. Rc1 c6 11. b4 e5 12. dxe5 dxe5 13. Bh2 Bxb4 14. Qc2 Re8 15.
Rfd1 Qc7 16. Ne4 Nxe4 17. Qxe4 f6 18. Nh4 Nf8 19. Nf5 Bc5 20. Bd3 g6 21. Nh6+
Kg7 22. Qh4 Qe7 23. Bf5 Bc8 24. Be4 Bd7 25. g4 f5 26. Qxe7+ Rxe7 27. gxf5 Kxh6
28. f6 Re6 29. f7 Kg7 30. Rxd7 Nxd7 31. Rd1 Nf8 0-1

[Event "Montcalm 6 2018-19"]
[Site "Quebec CAN"]
[Date "2019.04.04"]
[Round "3"]
[White "Fleury, Dominic"]
[Black "Genest, Dominic"]
[Result "0-1"]
[WhiteElo "1408"]
[BlackElo "1673"]
[PlyCount "42"]
[EventDate "2019.03.21"]
[EventType "swiss"]
[EventRounds "5"]
[EventCountry "CAN"]

1. e4 c5 2. Nf3 e6 3. Bc4 Nc6 4. c3 d5 5. exd5 exd5 6. Bb3 Bg4 7. O-O Qf6 8.
Bxd5 Nge7 9. Re1 O-O-O 10. Bxc6 Nxc6 11. Re3 Ne5 12. Rxe5 Bxf3 13. Qe1 Bd6 14.
d4 Bxe5 15. dxe5 Qg6 16. g3 Rd1 17. Qxd1 Bxd1 18. Bf4 Qe4 19. Nd2 Qe1+ 20. Nf1
Rd8 21. Kg2 Bf3+ 0-1

[Event "Montcalm 6 2018-19"]
[Site "Quebec CAN"]
[Date "2019.04.04"]
[Round "3"]
[White "Sauve, Richard"]
[Black "Fecteau, Martin"]
[Result "1/2-1/2"]
[WhiteElo "1899"]
[BlackElo "1921"]
[PlyCount "82"]
[EventDate "2019.03.21"]
[EventType "swiss"]
[EventRounds "5"]
[EventCountry "CAN"]

1. d4 d5 2. c4 c6 3. e3 Nf6 4. Nc3 e6 5. Nf3 Nbd7 6. Qc2 Bd6 7. Be2 dxc4 8.
Bxc4 O-O 9. O-O e5 10. dxe5 Nxe5 11. Nxe5 Bxe5 12. Rd1 Qe7 13. h3 Be6 14. Bxe6
Qxe6 15. Bd2 Rad8 16. Be1 Bb8 17. Qe2 Rfe8 18. Rxd8 Rxd8 19. Rd1 Re8 20. Qf3 h6
21. a3 Bc7 22. Rd3 Rd8 23. Rxd8+ Bxd8 24. Qf4 Qc8 25. Ne2 Nd5 26. Qe4 Bf6 27.
Nc3 Qe6 28. Qxe6 fxe6 29. Kf1 b5 30. Ke2 Nxc3+ 31. Bxc3 Bxc3 32. bxc3 c5 33.
Kd3 Kf7 34. f4 Ke7 35. e4 Kd6 36. g4 a5 37. h4 g6 38. Kd2 Ke7 39. Kd3 h5 40. g5
Kd6 41. Ke3 Ke7 1/2-1/2

[Event "Montcalm 6 2018-19"]
[Site "Quebec CAN"]
[Date "2019.04.11"]
[Round "4"]
[White "Boissinot, Claude"]
[Black "Perreault, Jacquelin"]
[Result "0-1"]
[WhiteElo "1556"]
[BlackElo "1711"]
[PlyCount "62"]
[EventDate "2019.03.21"]
[EventType "swiss"]
[EventRounds "5"]
[EventCountry "CAN"]

1. e4 c5 2. d4 cxd4 3. c3 Nf6 4. e5 Nd5 5. Bc4 Nb6 6. Bb3 e6 7. Nf3 Nc6 8. cxd4
d6 9. O-O Be7 10. Nc3 a6 11. Be3 O-O 12. Bc2 g6 13. exd6 Bxd6 14. Ne4 Be7 15.
Bh6 Re8 16. b3 Nd5 17. Qd2 Bd7 18. Rad1 Rc8 19. Bb1 Qc7 20. Bg5 b5 21. Bxe7
Ncxe7 22. Qh6 Nf5 23. Qg5 Qd8 24. Qxd8 Rexd8 25. Rc1 Kg7 26. Nc5 Nf4 27. Rfe1
Bc6 28. Be4 Nxd4 29. Nxd4 Bxe4 30. Rxe4 Rxd4 31. Rxf4 Rxc5 0-1

[Event "Montcalm 6 2018-19"]
[Site "Quebec CAN"]
[Date "2019.04.11"]
[Round "4"]
[White "Cournoyer, Dominic"]
[Black "Fecteau, Martin"]
[Result "1/2-1/2"]
[WhiteElo "1999"]
[BlackElo "1921"]
[PlyCount "73"]
[EventDate "2019.03.21"]
[EventType "swiss"]
[EventRounds "5"]
[EventCountry "CAN"]

1. c4 e5 2. Nc3 Nf6 3. Nf3 d6 4. d4 exd4 5. Nxd4 g6 6. g3 Bg7 7. Bg2 O-O 8. O-O
Nbd7 9. b3 Re8 10. Bb2 Nc5 11. e3 a5 12. Qc2 c6 13. Rad1 Qc7 14. Ba3 Bd7 15.
Bb2 Rad8 16. Rfe1 Bc8 17. e4 Ne6 18. Nce2 Ng5 19. Nf4 h5 20. h4 Ngh7 21. Bc3
Ng4 22. Qd2 b6 23. Qc2 Ne5 24. Nd3 Nf6 25. f4 Nxd3 26. Qxd3 Ng4 27. Qc2 Bd7 28.
Nf3 Bxc3 29. Qxc3 c5 30. e5 dxe5 31. Nxe5 Nxe5 32. Rxe5 Bg4 33. Rxd8 Qxd8 34.
Bd5 Rxe5 35. Qxe5 Bf5 36. Kf2 Qf8 37. Be4 1/2-1/2

[Event "Montcalm 6 2018-19"]
[Site "Quebec CAN"]
[Date "2019.04.11"]
[Round "4"]
[White "Cummins, Paul"]
[Black "Fleury, Dominic"]
[Result "1-0"]
[WhiteElo "1755"]
[BlackElo "1408"]
[PlyCount "43"]
[EventDate "2019.03.21"]
[EventType "swiss"]
[EventRounds "5"]
[EventCountry "CAN"]

1. e4 e5 2. Nf3 Nf6 3. d4 exd4 4. Bc4 Nc6 5. O-O Bc5 6. e5 Ng4 7. c3 Ngxe5 8.
Re1 d6 9. cxd4 Nxd4 10. Nxd4 Qf6 11. f4 O-O 12. fxe5 dxe5 13. Rf1 Bxd4+ 14. Kh1
Qc6 15. Qb3 Bh3 16. Bd5 Qg6 17. Qxh3 Rad8 18. Bb3 Rd6 19. Nc3 a6 20. Be3 c5 21.
Bxf7+ Rxf7 22. Qc8+ 1-0

[Event "Montcalm 6 2018-19"]
[Site "Quebec CAN"]
[Date "2019.04.11"]
[Round "4"]
[White "Genest, Dominic"]
[Black "Auger, Bertrand"]
[Result "1-0"]
[WhiteElo "1673"]
[BlackElo "1953"]
[PlyCount "107"]
[EventDate "2019.03.21"]
[EventType "swiss"]
[EventRounds "5"]
[EventCountry "CAN"]

1. c4 c5 2. g3 Nf6 3. Bg2 g6 4. Nf3 Bg7 5. O-O O-O 6. Nc3 d5 7. cxd5 Nxd5 8.
Qb3 Nxc3 9. bxc3 Qc7 10. d3 Be6 11. Qc2 Nc6 12. Bf4 Qa5 13. Bd2 Rac8 14. a3 Qa6
15. Ng5 Bf5 16. Ne4 c4 17. d4 Rfd8 18. Qa2 b6 19. Rfd1 h6 20. f3 e5 21. e3 Be6
22. Be1 Qa4 23. Rdb1 f5 24. Nd2 b5 25. Bf2 a6 26. Re1 Bf7 27. Rad1 a5 28. Bf1
exd4 29. exd4 Re8 30. Nb1 Bd5 31. f4 Re7 32. Rd2 Rce8 33. Rde2 Rxe2 34. Rxe2
Re7 35. Bg2 Qd1+ 36. Bf1 Be4 37. Re1 Qf3 38. Rxe4 Rxe4 39. Nd2 Qd1 40. Nxe4
fxe4 41. Qe2 Qxe2 42. Bxe2 Ne7 43. Bd1 Nd5 44. Be1 Kf7 45. Kf2 Bf8 46. a4 b4
47. cxb4 axb4 48. a5 b3 49. a6 b2 50. Bc2 e3+ 51. Kf3 Bb4 52. a7 Nb6 53. Bxb4
Nd5 54. a8=Q 1-0

[Event "Montcalm 6 2018-19"]
[Site "Quebec CAN"]
[Date "2019.04.11"]
[Round "4"]
[White "Sarra-Bournet, Marc"]
[Black "Sauve, Richard"]
[Result "0-1"]
[WhiteElo "1869"]
[BlackElo "1899"]
[PlyCount "116"]
[EventDate "2019.03.21"]
[EventType "swiss"]
[EventRounds "5"]
[EventCountry "CAN"]

1. e4 e6 2. d4 d5 3. Nd2 Nf6 4. e5 Nfd7 5. f4 c5 6. c3 Nc6 7. Ndf3 Be7 8. Ne2
O-O 9. g3 cxd4 10. cxd4 Qb6 11. Bh3 Qa6 12. O-O Nb6 13. b3 Bd7 14. Bb2 Rac8 15.
a3 Na8 16. Nc3 Rfd8 17. Rf2 Na5 18. Bf1 Qb6 19. b4 Nc4 20. Qd3 Nc7 21. Bc1 a5
22. bxa5 Qxa5 23. Nd2 Nb5 24. Nxb5 Bxb5 25. Qf3 Ba6 26. f5 Nxe5 27. dxe5 Bc5
28. Nb3 Bxf2+ 29. Qxf2 Qc3 30. Rb1 Bxf1 31. Qxf1 Qxe5 32. Bf4 Qxf5 33. Nd2 e5
34. Be3 Qxf1+ 35. Nxf1 d4 36. Bd2 e4 37. Rxb7 e3 38. Nxe3 dxe3 39. Bxe3 f6 40.
Ba7 Rc2 41. Rb1 Ra8 42. Rb7 Ra2 43. Bc5 Rd8 44. Rb1 Rdd2 45. h4 h5 46. Bb4 Rg2+
47. Kf1 Rxg3 48. Be1 Rgxa3 49. Rb5 Rf3+ 50. Kg1 f5 51. Re5 Kf7 52. Rd5 Ke6 53.
Rd8 Rb3 54. Re8+ Kf7 55. Re5 Kf6 56. Rc5 Rb1 57. Rc6+ Ke5 58. Kf1 Raa1 0-1

[Event "Montcalm 6 2018-19"]
[Site "Quebec CAN"]
[Date "2019.04.18"]
[Round "5"]
[White "Cournoyer, Dominic"]
[Black "Genest, Dominic"]
[Result "0-1"]
[WhiteElo "1999"]
[BlackElo "1673"]
[PlyCount "134"]
[EventDate "2019.03.21"]
[EventType "swiss"]
[EventRounds "5"]
[EventCountry "CAN"]

1. c4 e6 2. Nc3 d5 3. cxd5 exd5 4. d4 Nf6 5. Nf3 Bf5 6. Bf4 c6 7. h3 Nbd7 8. e3
Bb4 9. Be2 Ne4 10. Rc1 Qa5 11. Qb3 Qb6 12. O-O Ndf6 13. Bc7 Qxc7 14. Qxb4 Nd6
15. Qb3 Qe7 16. Qd1 O-O 17. b4 b5 18. Ne5 Rac8 19. a3 Nc4 20. Nxc4 dxc4 21. Bf3
Be4 22. Re1 Rfe8 23. Nxe4 Nxe4 24. Bxe4 Qxe4 25. Qc2 Qxc2 26. Rxc2 Rcd8 27. a4
Rxd4 28. Ra1 Rd7 29. axb5 cxb5 30. Kf1 h6 31. Ra5 Rb7 32. Ke2 Rd8 33. Rc3 Rd6
34. Rca3 Rdd7 35. Ra6 Kf8 36. h4 Ke8 37. Rc6 Rbc7 38. Rxc7 Rxc7 39. g4 Ke7 40.
f4 f6 41. Ra6 Kd7 42. g5 hxg5 43. fxg5 fxg5 44. hxg5 Kc8 45. Re6 Kb7 46. Kd2
Kc8 47. g6 Kd7 48. Ra6 Ke7 49. Kc3 Rd7 50. Kc2 Kf8 51. Ra5 Rb7 52. Ra6 Ke7 53.
Kc3 Rb6 54. Rxa7+ Kf6 55. Kd4 Kxg6 56. Kc5 Rb8 57. Ra1 Kf5 58. Rf1+ Ke4 59. Rg1
Kxe3 60. Rxg7 c3 61. Rg3+ Kd2 62. Rg2+ Kd3 63. Rg3+ Kc2 64. Kd4 Rc8 65. Rg2+
Kb3 66. Rg3 Kb2 67. Rg2+ c2 0-1

[Event "Montcalm 6 2018-19"]
[Site "Quebec CAN"]
[Date "2019.04.18"]
[Round "5"]
[White "Dumont, Eric"]
[Black "Cummins, Paul"]
[Result "1/2-1/2"]
[WhiteElo "1663"]
[BlackElo "1755"]
[PlyCount "48"]
[EventDate "2019.03.21"]
[EventType "swiss"]
[EventRounds "5"]
[EventCountry "CAN"]

1. d4 h6 2. Bf4 d6 3. e3 Nf6 4. h3 c6 5. Nd2 Qb6 6. Nc4 Qc7 7. Nf3 Nbd7 8. Be2
b5 9. Ncd2 Nb6 10. O-O g5 11. Bg3 g4 12. hxg4 Bxg4 13. e4 O-O-O 14. c4 bxc4 15.
Nxc4 Nxe4 16. Nxb6+ Qxb6 17. Bh4 Rg8 18. Qa4 Bd7 19. Rac1 c5 20. dxc5 Nxc5 21.
Qc2 Kb8 22. b4 Ne6 23. Qe4 f5 24. Qe3 Qxe3 1/2-1/2

[Event "Montcalm 6 2018-19"]
[Site "Quebec CAN"]
[Date "2019.04.18"]
[Round "5"]
[White "Fecteau, Martin"]
[Black "Sarra-Bournet, Marc"]
[Result "1-0"]
[WhiteElo "1921"]
[BlackElo "1869"]
[PlyCount "43"]
[EventDate "2019.03.21"]
[EventType "swiss"]
[EventRounds "5"]
[EventCountry "CAN"]

1. c4 e5 2. Nc3 Nf6 3. Nf3 Nc6 4. d4 exd4 5. Nxd4 Ne5 6. e4 Bc5 7. Be2 O-O 8.
Bg5 h6 9. Bh4 d6 10. h3 Ng6 11. Bg3 Qe7 12. Qd3 c6 13. O-O Re8 14. Nf5 Bxf5 15.
exf5 Ne5 16. Qc2 Ned7 17. Rfe1 Ne4 18. Bf3 Ndf6 19. Nxe4 Nxe4 20. Rxe4 Qf6 21.
Rae1 Rxe4 22. Rxe4 1-0

[Event "Montcalm 6 2018-19"]
[Site "Quebec CAN"]
[Date "2019.04.18"]
[Round "5"]
[White "Lapierre, Gaetan"]
[Black "Boissinot, Claude"]
[Result "1-0"]
[WhiteElo "1755"]
[BlackElo "1556"]
[PlyCount "43"]
[EventDate "2019.03.21"]
[EventType "swiss"]
[EventRounds "5"]
[EventCountry "CAN"]

1. e4 c5 2. Nc3 Nc6 3. g3 Nf6 4. Bg2 e6 5. Nge2 d5 6. exd5 exd5 7. d4 c4 8. Bg5
Be6 9. Bxf6 gxf6 10. O-O a6 11. Nf4 Qb6 12. Ncxd5 Qxd4 13. Qxd4 Nxd4 14. Nc7+
Ke7 15. Nxa8 Bh6 16. Nxe6 fxe6 17. Nb6 Nxc2 18. Rad1 Ne3 19. Rd7+ Ke8 20. Re1
Nxg2 21. Rxe6+ Kf8 22. Rxf6+ 1-0